Ethylene and its industrial derivatives
সংরক্ষণ করুন:
| প্রধান লেখক: | |
|---|---|
| বিন্যাস: | গ্রন্থ |
| ভাষা: | Undetermined |
| প্রকাশিত: |
London
Ernest Benn Limited
1969
|
| বিষয়গুলি: | |
| ট্যাগগুলো: |
ট্যাগ যুক্ত করুন
কোনো ট্যাগ নেই, প্রথমজন হিসাবে ট্যাগ করুন!
|
| Thư viện lưu trữ: | Trung tâm Học liệu Trường Đại học Cần Thơ |
|---|
| LEADER | 00480nam a2200181Ia 4500 | ||
|---|---|---|---|
| 001 | CTU_82909 | ||
| 008 | 210402s9999 xx 000 0 und d | ||
| 082 | |a 661.814 | ||
| 082 | |b M647 | ||
| 100 | |a Miller, S. A. | ||
| 245 | 0 | |a Ethylene and its industrial derivatives | |
| 245 | 0 | |c S. A. Miller | |
| 260 | |a London | ||
| 260 | |b Ernest Benn Limited | ||
| 260 | |c 1969 | ||
| 650 | |a Ethylene | ||
| 904 | |i QHieu(sửa) | ||
| 980 | |a Trung tâm Học liệu Trường Đại học Cần Thơ | ||